Материалы наблюдений научно-исследовательских дрейфующих станций "Северный полюс-4", "Северный полюс-5", "Северный полюс-6" 1956/57 года. Т. 2: [Метеорология | Актинометрия] (Запись № 9472084)

Подробности
000 -МАРКЕР
контрольное поле 02114nam2a22002891 4500
001 - ИДЕНТИФИКАТОР ЗАПИСИ
контрольное поле rc\4724204
005 - ИДЕНТИФИКАТОР ВЕРСИИ
контрольное поле 20250612163155.0
021 ## - НОМЕР ГОСУДАРСТВЕННОЙ РЕГИСТРАЦИИ
Код страны Российская Федерация
Номер [59-27056]
035 ## - ДРУГИЕ СИСТЕМНЫЕ НОМЕРА
Идентификатор записи (NLR Aleph) 008730148
100 ## - ДАННЫЕ ОБЩЕЙ ОБРАБОТКИ
Данные общей обработки 20130416d1959 |||y0rusy50 ca
101 0# - ЯЗЫК РЕСУРСА
Язык текста, звукозаписи и т.д. русский
102 ## - СТРАНА ПУБЛИКАЦИИ ИЛИ ПРОИЗВОДСТВА
Страна публикации Российская Федерация
105 ## - ПОЛЕ КОДИРОВАННЫХ ДАННЫХ: ТЕКСТОВЫЕ МАТЕРИАЛЫ, МОНОГРАФИЧЕСКИЕ
Кодированные данные о монографическом текстовом документе y z |||||
200 1# - ЗАГЛАВИЕ И СВЕДЕНИЯ ОБ ОТВЕТСТВЕННОСТИ
Основное заглавие [Метеорология
-- Актинометрия]
Первые сведения об ответственности Аркт. и антаркт. науч.-исслед. ин-т Гл. упр. Сев. морского пути М-ва мор. флота СССР
210 ## - ПУБЛИКАЦИЯ, РАСПРОСТРАНЕНИЕ И ДР.
Дата издания, распространения и т.д. 1959
Место издания, распространения и т.д. Б. м.
215 ## - ФИЗИЧЕСКАЯ ХАРАКТЕРИСТИКА
Специфическое обозначение материала и объем 648 с.
300 ## - ОБЩИЕ ПРИМЕЧАНИЯ
Текст примечания На корешке загл.: Научные наблюдения дрейфующих станций. 1956/57
461 #0 - УРОВЕНЬ НАБОРА
Встроенное поле 001rc\4724202
-- 2001#$aМатериалы наблюдений научно-исследовательских дрейфующих станций "Северный полюс-4", "Северный полюс-5", "Северный полюс-6" 1956/57 года$e[В 5 т.]$fПод общ. ред. К.А. Сычева. Т. 1-$gАркт. и антаркт. науч.-исслед. ин-т Гл. упр. Сев. мор. пути М-ва мор. флота СССР$vТ. 2
Системный номер (АБИС) связанной записи 9472073
Автор "Северный полюс-4", научно-исследовательская дрейфующая станция
Место публикации Ленинград
Дата публикации 1962
Первые сведения об ответственности Под общ. ред. К.А. Сычева. Т. 1-
Имя издателя, распространителя и т.д. Мор. транспорт
Сведения, относящиеся к заглавию [В 5 т.]
Заглавие Материалы наблюдений научно-исследовательских дрейфующих станций "Северный полюс-4", "Северный полюс-5", "Северный полюс-6" 1956/57 года
Номер тома Т. 2
516 0# - ЗАГЛАВИЕ НА КОРЕШКЕ [ИЗДАНИЯ]
Заглавие на корешке Научные наблюдения дрейфующих станций. 1956/57
606 ## - НАИМЕНОВАНИЕ ТЕМЫ КАК ПРЕДМЕТ
Наименование темы Метеорологические наблюдения
Географический подзаголовок Арктика (т. 2)
Код системы psbo
606 ## - НАИМЕНОВАНИЕ ТЕМЫ КАК ПРЕДМЕТ
Наименование темы Актинометрические наблюдения
Географический подзаголовок Арктика (т. 2)
Код системы psbo
801 #0 - ИСТОЧНИК ЗАПИСИ
Страна Российская Федерация
Организация NLR
Правила каталогизации psbo
801 #1 - ИСТОЧНИК ЗАПИСИ
Страна Российская Федерация
Организация ELAR
Источник данных rusmarc
852 ## - МЕСТОНАХОЖДЕНИЕ И ШИФР ХРАНЕНИЯ
Идентификатор организации NLR
Шифр хранения (Call Number) 59-7/864
942 ## - ДОПОЛНИТЕЛЬНЫЕ ЭЛЕМЕНТЫ ЗАПИСИ (АБИС)
Тип экземпляра АБИС Книга
980 ## - КОЛЛЕКЦИЯ
Название коллекции Национальная библиография
Экземпляры
Тип экземпляра Дата поступления Библиотека постоянного хранения Библиотека текущего хранения Место хранения Шифр хранения Штрих-код Статус экземпляра
Книга 26.10.2013 РНБ (Московский) РНБ (Московский) Русский книжный фонд: издания с 1957 года 59-7/864 1-4759959